| 000 | 00676nam a22001817a 4500 | ||
|---|---|---|---|
| 005 | 20251108171952.0 | ||
| 008 | 250721s1981 xx 000 0 ara d | ||
| 082 | 1 | 4 | _a956.09/أحم |
| 100 | 1 | _aعوده، أحمد عصام | |
| 245 | 1 | 0 |
_aالملف الكامل لمسيرة القمة العربية : _bمن مؤتمر القمة العربي الأول في القاهرة إلى مؤتمر القمة العربي الحادي عشر في عمان / |
| 264 | 1 |
_aعمان : _c1981. |
|
| 300 | _a288ص | ||
| 650 | 1 | 7 | _aالعرب |
| 650 | 1 | 7 | _aالتاريخ الحديث |
| 650 | 1 | 7 | _aمؤتمرات القمة العربية |
| 942 |
_2ddc _cBK |
||
| 999 |
_c67186 _d67186 |
||